Lithics in the Land of the Lightning Brothers (Record no. 351189)
[ view plain ]
| 000 -LEADER | |
|---|---|
| fixed length control field | 00696nam a2200145Ia 4500 |
| 008 - FIXED-LENGTH DATA ELEMENTS--GENERAL INFORMATION | |
| fixed length control field | 171212s9999 xx 000 0 und d |
| 020 ## - INTERNATIONAL STANDARD BOOK NUMBER | |
| International Standard Book Number | 9781921313288 |
| 100 ## - MAIN ENTRY--PERSONAL NAME | |
| Personal name | Clarkson, Chris |
| 245 ## - TITLE STATEMENT | |
| Statement of responsibility, etc | Clarkson, Chris |
| Title | Lithics in the Land of the Lightning Brothers |
| Remainder of title | The Archaeology of Wardaman Country, Northern Territory |
| 260 ## - PUBLICATION, DISTRIBUTION, ETC. (IMPRINT) | |
| Name of publisher, distributor, etc | ANU E Press |
| Date of publication, distribution, etc | 2007 |
| 440 ## - SERIES STATEMENT/ADDED ENTRY--TITLE | |
| Title | Terra Australis |
| 650 ## - SUBJECT ADDED ENTRY--TOPICAL TERM | |
| Topical term or geographic name as entry element | Archaeology |
| 650 ## - SUBJECT ADDED ENTRY--TOPICAL TERM | |
| Topical term or geographic name as entry element | Wardaman (Australian people) -- Victoria River Region (N.T.) -- Antiquities; Social archaeology -- Victoria River Region (N.T.); Cave dwellings -- Victoria River Region (N.T.); Victoria River Region (N.T.) -- Antiquities |
| 856 ## - ELECTRONIC LOCATION AND ACCESS | |
| Uniform Resource Identifier | <a href="www.jstor.org/stable/10.2307/j.ctt24hb95">www.jstor.org/stable/10.2307/j.ctt24hb95</a> |
| Withdrawn status | Lost status | Damaged status | Home library | Current library | Date acquired | Total Checkouts | Date last seen | Price effective from | Koha item type |
|---|---|---|---|---|---|---|---|---|---|
| College Library | College Library | 12/12/2017 | 12/12/2017 | 12/12/2017 | Curriculum - Based eBooks |